Chaîne de mots - Espagne - Statistiques

Statistiques générales
  • Ce quiz a été pris 17 481 fois
  • Le résultat moyen est 13 sur 21
Statistiques - réponses
Indice Réponse % Correct
Ville qui abrite les clubs du Real et de l'Altlético Madrid
99%
Monnaie officielle Euro
97%
Se dit nueve en espagnol Neuf
90%
Il a découvert l'Amérique Colomb
88%
Vainqueur à 14 reprises du Roland-Garros Nadal
88%
Basilique de Gaudí: _______ Familia Sagrada
86%
Péninsule qui comprend l'Espagne Iberique
81%
Célèbre peintre du surréalisme Dalí
80%
Responde la pregunta: ¿El español es el idioma oficial de España?
76%
Genre musical dansant de l'Andalousie Flamenco
72%
Championnat de football élite La Liga
65%
Religion dominante avant la Reconquista Islam
61%
Archipel en Méditerranée Baléares
55%
Épice rouge qui agrémente la paëlla Safran
55%
Arbre dont l'Espagne est le plus grand producteur de son fruit Olivier
54%
S'unit avec la Castille en 1715 Aragon
35%
Grand palais à Grenade Alhambra
33%
Avenue emblématique de Barcelone Rambla
33%
Sa capitale est Oviedo Asturies
21%
Dynastie arabe qui gouverne le territoire espagnol de 756 à 1031 Omeyyades
19%
Célèbre infrastructure romaine de Ségovie Aqueduc
17%
Aucun quiz correspondant
Distribution des résultats
% des personnes avec chaque résultat
Percentile par nombre de réponses
Votre historique - résultats
Vous n’avez pas pris ce quiz